| 000 | 00658nam a2200205Ia 4500 | ||
|---|---|---|---|
| 001 | ist179-42938 | ||
| 003 | IT-MiCISF | ||
| 008 | 161014s9999||||xx |||||||||||||| ||und|| | ||
| 040 |
_aIT-MiCISF _cIT-MiCISF |
||
| 041 | _ait | ||
| 100 | _aAA.VV. | ||
| 245 | 0 |
_aStrutture familiari e opinioni su famiglia e figli _bIndagine multiscopo sulle famiglie "Famiglia e soggetti sociali" - Anno 2003 |
|
| 250 | _a1a ed. | ||
| 260 |
_a Roma _bIstat _c2006 |
||
| 300 | _app. 187 | ||
| 500 | _aIstituto Nazionale di Statistica - contiene cd-rom / famiglia, struttura-famiglia, giovane-adulto / | ||
| 650 | _afamiglia | ||
| 942 | _cBK | ||
| 957 | _71 | ||
| 999 |
_a42938 _bsi _g1 _c208845 _d208845 |
||